|
|
|
|
| LEADER |
00000nam a22000007a 4500 |
| 005 |
20190402225945.0 |
| 007 |
cr|||| |||| |
| 008 |
190402s2019 es |||||s|||| 00||0 spa d |
| 020 |
|
|
|a 978-84-949922-7-8
|
| 035 |
|
|
|a 23238
|
| 040 |
|
|
|a vLex
|
| 090 |
|
|
|c 8547
|d 8547
|
| 100 |
1 |
|
|a Přez Losa, Llus̕
|
| 245 |
1 |
0 |
|a Internamientos psiquit̀ricos y por razones de salud pb︢lica
|h [Recurso electrn̤ico] /
|c Llus̕ Přez Losa
|
| 256 |
|
|
|a Servicio en ln̕ea
|
| 260 |
|
|
|a Barcelona:
|b J.M. Bosch Editor,
|c 2019
|
| 300 |
|
|
|a 1 recurso electrn̤ico
|
| 506 |
1 |
|
|a Disponible solo en los productos indicados
|d vLex Global
|d vLex Global (Academic Edition, excluding Law Schools)
|d vLex Global (U.S. Academic Edition, Law Schools)
|d vLex Global (U.S. Academic Edition, excluding Law Schools)
|d vLex Global (Academic Edition, Law Schools)
|
| 650 |
0 |
4 |
|a Derecho Civil
|z Espaą
|
| 650 |
0 |
4 |
|a Derecho Penal
|z Espaą
|
| 650 |
0 |
4 |
|a Derecho Pb︢lico y Administrativo
|z Espaą
|
| 740 |
0 |
|
|a vLex Libros (Servicio en ln̕ea)
|
| 856 |
4 |
0 |
|u http://vlex.com/source/internamientos-psiquiatricos-razones-salud-publica-23238
|z Acceso restringido
|
| 942 |
|
|
|c BOOK
|
| 999 |
0 |
|
|a Civil Law
|
| 999 |
0 |
|
|a Criminal Law
|
| 999 |
0 |
|
|a Public and Administrative Law
|